Library Logo

Pioneer International University Library Catalogue

TEENS WITH PHYSICAL DISABILITIES: (Record no. 9783)

MARC details
000 -LEADER
fixed length control field 00526nam a22001697a 4500
003 - CONTROL NUMBER IDENTIFIER
control field OSt
005 - DATE AND TIME OF LATEST TRANSACTION
control field 20251113064044.0
008 - FIXED-LENGTH DATA ELEMENTS--GENERAL INFORMATION
fixed length control field 251113b |||||||| |||| 00| 0 eng d
010 ## - LIBRARY OF CONGRESS CONTROL NUMBER
LC control number 943603
020 ## - INTERNATIONAL STANDARD BOOK NUMBER
International Standard Book Number 10987654321
040 ## - CATALOGING SOURCE
Transcribing agency ENSLOW PUBLISHERS ,INC
050 ## - LIBRARY OF CONGRESS CALL NUMBER
Classification number HV 888.5 .C456 1995
Item number .C456 1995
245 ## - TITLE STATEMENT
Title TEENS WITH PHYSICAL DISABILITIES:
Remainder of title REAL- LIFE STORIES MEETING THE CHALLENGE/
Statement of responsibility, etc. CHENEY, ALAN GLENN
250 ## - EDITION STATEMENT
Edition statement 1ST EDITION
260 ## - PUBLICATION, DISTRIBUTION, ETC.
Place of publication, distribution, etc. UNITED STATES OF AMERICA:
Name of publisher, distributor, etc. ENSLOW PUBLISHERS,
Date of publication, distribution, etc. 1995
942 ## - ADDED ENTRY ELEMENTS (KOHA)
Source of classification or shelving scheme Library of Congress Classification
Koha item type Books
Suppress in OPAC No
Holdings
Withdrawn status Lost status Source of classification or shelving scheme Damaged status Not for loan Home library Current library Date acquired Total checkouts Barcode Date last seen Price effective from Koha item type
    Library of Congress Classification     PIU Library PIU Library 11/13/2025   PIUDL811 11/13/2025 11/13/2025 Books